书目信息 |
| 题名: |
新编公共基础知识讲义
|
|
| 作者: | ;西藏光华公务员考试研究与培训中心 编 | |
| 分册: | ||
| 出版信息: | 2016 |
|
| 页数: | 282页 | |
| 开本: | 30cm | |
| 丛书名: | ||
| 单 册: | ||
| 中图分类: | D0-44 | |
| 科图分类: | ||
| 主题词: | 政治理论 | |
| 电子资源: | ||
| ISBN: | ||
| 000 | 00684nam0 2200181 450 | |
| 001 | 1731697527 | |
| 005 | 20170218111058.59 | |
| 100 | @a20170218d2016 km y0chiy0120 ea | |
| 101 | 0 | @achi |
| 200 | 1 | @a新编公共基础知识讲义@Axin bian gong gong ji chu zhi shi jiang yi@e马哲毛概@f西藏光华公务员考试研究与培训中心编@Fxi zang guang hua gong wu yuan kao shi yan jiu yu pei xun zhong xin bian |
| 210 | @d2016 | |
| 215 | @a282页@d30cm | |
| 517 | 1 | @a马哲毛概@Ama zhe mao gai |
| 606 | 0 | @a政治理论 |
| 690 | @aD0-44@v4 | |
| 711 | 02 | @a西藏光华公务员考试研究与培训中心@Axi zang guang hua gong wu yuan kao shi yan jiu yu pei xun zhong xin@4编 |
| 801 | 0 | @aCN@bMUSE@c20170218 |
| 905 | @aMUSE@dD0-44@eX109 | |
| 新编公共基础知识讲义:马哲毛概/西藏光华公务员考试研究与培训中心编.-2016 |
| 282页;30cm |
| ISBN : |
| ● |
| 相关链接 |
|
|
|
正题名:新编公共基础知识讲义
索取号:D0-44/X109
 
预约/预借
| 序号 | 登录号 | 条形码 | 馆藏地/架位号 | 状态 | 备注 |
| 1 | 1239071 | 212390713 | 社科库509/509社科库 67排5列2层/ [索取号:D0-44/X109] | 在馆 |